Zhodnocení intenzity absorpce podpory podnikání v regionech se soustředěnou podporou státu
Problematika regionálneho rozvoja v problémových regiónoch Českej republiky. Čerpanie finančných zdrojov zo štrukturálnych fondov EÚ na podporu podnikateľského prostredia v ČR. Operačný program Podnikanie a inovácie. Metodika a výsledky výskumu.
Salvato in:
| Autore principale: | |
|---|---|
| Natura: | Capitolo di libro |
| Lingua: | ceco |
| Soggetti: | |
| Tags: |
Nessun Tag, puoi essere il primo ad aggiungerne!!
|
MARC
| LEADER | 00000naa a2200000 4500 | ||
|---|---|---|---|
| 001 | 0150781 | ||
| 005 | 20231207102032.9 | ||
| 041 | 0 | |a cze | |
| 044 | |a CZ | ||
| 245 | 1 | 0 | |a Zhodnocení intenzity absorpce podpory podnikání v regionech se soustředěnou podporou státu |c Kateřina Felixová |
| 520 | |a Problematika regionálneho rozvoja v problémových regiónoch Českej republiky. Čerpanie finančných zdrojov zo štrukturálnych fondov EÚ na podporu podnikateľského prostredia v ČR. Operačný program Podnikanie a inovácie. Metodika a výsledky výskumu. | ||
| 610 | 2 | 0 | |a Európska únia |
| 610 | 2 | 0 | |a Česko |
| 610 | 2 | 0 | |a fondy Európskej únie |
| 610 | 2 | 0 | |a fondy štruktúrne |
| 610 | 2 | 0 | |a euroregióny |
| 610 | 2 | 0 | |a spolupráca medzinárodná |
| 100 | 1 | |a Felixová, Kateřina | |